000 01000nac a22002891u 4500
999 _c1691
_d1691
003 EG-ScBUE
005 20200817103156.0
008 980720t1997 flua f 001 0 eng d
020 _a0748404287
020 _a9780748404285
040 _aEG-ScBUE
_beng
_erda
_cEG-ScBUE
_dEG-ScBUE
082 0 4 _a515
_bPHO
_222
100 1 _aPhoenix, David,‏
_d1966-
_eauthor.
_933433
245 1 0 _aIntroductory mathematics for the life sciences /
_cDavid Phoenix, Department of Applied Biology, University of Central Lancashire, Preston, UK.
264 1 _aBoca Raton, Florida :
_bCRC Press,
_c[1997]
264 4 _cc1997
300 _aix, 229 pages :
_billustrations ;
_c25 cm.
336 _2rdacontent
_atext
_btxt
337 _2rdamedia
_aunmediated
_bn
338 _2rdacarrier
_avolume
_bnc
490 0 _aModules in life sciences
500 _aIncludes index.
650 7 _aMathematics.
_933435
_2BUEsh
653 _cAugust2013
_bGGEN
655 _vReading book
_934232
942 _cBB
_k515 PHO
_2ddc